| 000 | 00681nam a2200217 a 4500 | ||
|---|---|---|---|
| 999 |
_c5670 _d5670 |
||
| 001 | 5670 | ||
| 003 | BD-JhCC | ||
| 005 | 20171219175059.0 | ||
| 008 | 171219s1967 bg |||| ||a| 000 0 ben d | ||
| 035 | _a(BD-JhCC) 5670 | ||
| 040 |
_aBD-JhCC _dBD-JhCC |
||
| 041 | _aben | ||
| 082 |
_a891.442 _bCHO 1967 |
||
| 100 | _aচৌধুরী, মুনীর | ||
| 245 | _aরক্তাক্ত-প্রান্তর / | ||
| 260 |
_aঢাকা : _bবাঙলা একাডেমীর পক্ষে আহমদ পাবলিশিং হাউস ঢাকা , _c1967 |
||
| 300 |
_a76 p .: _c22 cm . |
||
| 650 | _aBengali Drama | ||
| 942 |
_2ddc _cBK |
||